[Event "EU-Cup 39th"]
[Site "Vrnjacka Banja"]
[Date "2024.10.25"]
[Round "6.6"]
[White "Piceu, Tom"]
[Black "Jancovic, Peter"]
[Result "0-1"]
[WhiteElo "2328"]
[BlackElo "2311"]
[PlyCount "74"]
[EventDate "2024.10.20"]
[EventType "team-swiss"]
[EventRounds "7"]
[EventCountry "SRB"]
[SourceTitle "CB44_2024"]
[Source "Chessbase"]
[SourceDate "2024.10.30"]
[SourceVersion "1"]
[SourceVersionDate "2024.10.30"]
[SourceQuality "1"]
[WhiteTeam "Bruges"]
[BlackTeam "Nitra K CERO"]
[WhiteTeamCountry "BEL"]
[BlackTeamCountry "SVK"]

1. d4 Nf6 2. Nf3 b6 3. c4 e6 4. a3 Be7 5. Nc3 Bb7 6. Bg5 0-0 7. e3 d6 8. Bd3 c5 9. 0-0 Nbd7 10. b4 Re8 11. Qe2 h6 12. Bh4 Rc8 13. Rfd1 a6 14. Rab1 Qc7 15. bxc5 bxc5 16. d5 Rb8 17. dxe6 fxe6 18. Bg6 Red8 19. Bg3 Nf8 20. Nh4 Bc6 21. e4 Rxb1 22. Rxb1 N6d7 23. Qh5 Bf6 24. Nd1 Ne5 25. Bxe5 dxe5 26. g3 Bxh4 27. gxh4 Rd4 28. f3 Qd8 29. Ne3 Qf6 30. Rb8 Qf4 31. Nf1 Rd1 32. Kf2 Qc1 33. Ng3 Qd2+ 34. Ne2 Qe1+ 35. Ke3 Ra1 36. Bf7+ Kh7 37. Rb3 Ra2 0-1

[Event "BEL-chT 2324"]
[Site "Belgium"]
[Date "2024.03.24"]
[Round "10.7"]
[White "Messaoudi, Mohammed"]
[Black "Piceu, Tom"]
[Result "0-1"]
[WhiteElo "1860"]
[BlackElo "2294"]
[PlyCount "44"]
[EventDate "2023.09.24"]
[EventType "team-tourn"]
[EventRounds "11"]
[EventCountry "BEL"]
[SourceTitle "EXT 2025"]
[Source "ChessBase"]
[SourceDate "2024.10.14"]
[SourceVersion "1"]
[SourceVersionDate "2024.10.14"]
[SourceQuality "1"]
[WhiteTeam "Tal"]
[BlackTeam "KBSK Brugge"]
[WhiteTeamCountry "BEL"]
[BlackTeamCountry "BEL"]

1. e4 c5 2. Nf3 d6 3. Nc3 a6 4. Be2 Nf6 5. d4 cxd4 6. Nxd4 e5 7. Nb3 Be7 8. 0-0 0-0 9. Kh1 Nbd7 10. f4 b5 11. Bf3 Bb7 12. Qe1 Rc8 13. a3 Nb6 14. fxe5 dxe5 15. Bg5 Nc4 16. Rd1 Qc7 17. Qg3 Nxb2 18. Bxf6 Bxf6 19. Nd5 Bxd5 20. Rxd5 Qxc2 21. Bg4 Rc3 22. Na1 Rxg3 0-1

[Event "BEL-chT 2223"]
[Site "Belgium"]
[Date "2022.10.16"]
[Round "2.6"]
[White "Piceu, Tom"]
[Black "Balduan, Markus"]
[Result "1-0"]
[WhiteElo "2325"]
[BlackElo "2306"]
[PlyCount "157"]
[EventDate "2022.09.25"]
[EventType "team-tourn"]
[EventRounds "11"]
[EventCountry "BEL"]
[SourceTitle "EXT 2024"]
[Source "ChessBase"]
[SourceDate "2023.10.10"]
[SourceVersion "1"]
[SourceVersionDate "2023.10.10"]
[SourceQuality "1"]
[WhiteTeam "KBSK Brugge"]
[BlackTeam "Tal"]
[WhiteTeamCountry "BEL"]
[BlackTeamCountry "BEL"]

1. d4 d5 2. c4 dxc4 3. e3 Nf6 4. Bxc4 e6 5. Nf3 c5 6. 0-0 a6 7. Bb3 b5 8. a4 Bb7 9. Qe2 Nbd7 10. Rd1 Qb6 11. Na3 Be7 12. Bd2 c4 13. Bc2 Ne4 14. Be1 0-0 15. b3 Bxa3 16. Rxa3 Qd6 17. Raa1 cxb3 18. Bxb3 Bc6 19. Qd3 bxa4 20. Bxa4 Bxa4 21. Rxa4 Ndc5 22. dxc5 Qxd3 23. Rxd3 Nxc5 24. Rda3 Nxa4 25. Rxa4 Rfc8 26. Ra5 f6 27. Kf1 Kf7 28. Nd4 e5 29. Nf5 Rc6 30. e4 g6 31. Ne3 Rb8 32. Ra3 Ke6 33. g4 Rb1 34. Ke2 Rb2+ 35. Kf3 Rb1 36. Bc3 Rh1 37. Kg2 Rc1 38. Bd2 Rb1 39. h4 Rb8 40. h5 Rd8 41. Nd5 gxh5 42. gxh5 Rg8+ 43. Kf3 f5 44. Nb4 Rd6 45. Ke2 Rg4 46. exf5+ Kxf5 47. Nxa6 Rc4 48. Be3 Rd5 49. Kf3 Rb5 50. Ra1 Rc6 51. Ra4 e4+ 52. Kg3 Rc8 53. Rd4 Rg8+ 54. Kh2 Kg4 55. Rxe4+ Kxh5 56. Nc5 Rg4 57. Re5+ Kg6 58. Kh3 Rc4 59. Nd3 Rb3 60. Rd5 Rcc3 61. Nf4+ Kf6 62. Ng2 Rd3 63. Rh5 Kg7 64. Kg4 Rb4+ 65. Nf4 Rd1 66. Ra5 Rdb1 67. Ra7+ Rb7 68. Bd4+ Kf7 69. Ra6 Rg1+ 70. Kf5 Rd1 71. Be5 Rf1 72. Nh3 Rh1 73. Ng5+ Ke7 74. f4 h5 75. Rh6 Rbb1 76. Rh7+ Kd8 77. Rc7 Rhc1 78. Ne6+ Ke8 79. Rh7 1-0

[Event "Cappelle op 38th"]
[Site "Cappelle la Grande"]
[Date "2022.02.18"]
[Round "9"]
[White "Dardha, Daniel"]
[Black "Piceu, Tom"]
[Result "1-0"]
[WhiteElo "2541"]
[BlackElo "2336"]
[PlyCount "71"]
[EventDate "2022.02.12"]
[EventType "swiss"]
[EventRounds "9"]
[EventCountry "FRA"]
[SourceTitle "CBM 206 Extra"]
[Source "ChessBase"]
[SourceDate "2022.03.31"]
[SourceVersion "1"]
[SourceVersionDate "2022.03.31"]
[SourceQuality "1"]

1. d4 Nf6 2. c4 g6 3. h4 Bg7 4. Nc3 d6 5. e4 0-0 6. Be2 c5 7. d5 e6 8. h5 exd5 9. exd5 Re8 10. Kf1 a6 11. h6 Bh8 12. Bg5 Nbd7 13. Nf3 b5 14. cxb5 axb5 15. Bxb5 Ba6 16. Bxa6 Rxa6 17. g3 Qb8 18. Rb1 Ne4 19. Nxe4 Rxe4 20. Qd3 Rea4 21. Kg2 Rxa2 22. Rhe1 Ne5 23. Nxe5 Bxe5 24. Qf3 f5 25. b3 Rc2 26. Re2 Raa2 27. Rxc2 Rxc2 28. Bf4 Rc3 29. Qe2 Rxb3 30. Re1 Qa8 31. Qd1 Rb4 32. Bxe5 dxe5 33. Rxe5 Rd4 34. Qe2 Kf8 35. Qb2 Kf7 36. Qb6 1-0

[Event "BEL-chT 2122"]
[Site "Belgium"]
[Date "2022.01.30"]
[Round "6.6"]
[White "Piceu, Tom"]
[Black "Braun, Christian1"]
[Result "0-1"]
[WhiteElo "2345"]
[BlackElo "2396"]
[PlyCount "106"]
[EventDate "2021.10.24"]
[EventType "team-tourn"]
[EventRounds "11"]
[EventCountry "BEL"]
[SourceTitle "EXT 2023"]
[Source "ChessBase"]
[SourceDate "2022.10.05"]
[SourceVersion "1"]
[SourceVersionDate "2022.10.05"]
[SourceQuality "1"]
[WhiteTeam "KBSK Brugge"]
[BlackTeam "Wirtzfeld"]
[WhiteTeamCountry "BEL"]
[BlackTeamCountry "BEL"]

1. d4 Nf6 2. c4 g6 3. Nc3 Bg7 4. e4 d6 5. f4 Bg4 6. Nf3 Bxf3 7. gxf3 Nh5 8. Be3 e6 9. Qd2 Qh4+ 10. Qf2 Qxf2+ 11. Kxf2 Bh6 12. f5 Bxe3+ 13. Kxe3 exf5 14. Nd5 Kd8 15. exf5 Re8+ 16. Kf2 Nc6 17. Rd1 Ne7 18. Nxe7 Kxe7 19. Bd3 Kf6 20. fxg6 hxg6 21. Rde1 Nf4 22. Bc2 Rxe1 23. Rxe1 Rh8 24. Kg1 Ne6 25. Re4 c5 26. d5 Ng5 27. Re3 Rh4 28. Bd3 Nh3+ 29. Kg2 Nf4+ 30. Kg3 g5 31. Bf1 Rh8 32. Ra3 Nh5+ 33. Kg2 Ra8 34. Bd3 Ke5 35. Kf2 f5 36. Bf1 Nf4 37. Re3+ Kf6 38. Kg3 Nxd5 39. Rd3 Ne3 40. Kf2 Nxf1 41. Kxf1 Ke6 42. Kg2 a6 43. h3 b5 44. cxb5 axb5 45. a3 f4 46. Rb3 Rb8 47. h4 gxh4 48. Kh3 d5 49. Kxh4 d4 50. Rd3 Ke5 51. Rd1 Rh8+ 52. Kg4 Rg8+ 53. Kh4 c4 0-1

[Event "Roquetas de Mar op 33rd"]
[Site "Roquetas de Mar"]
[Date "2022.01.05"]
[Round "2"]
[White "Piceu, Tom"]
[Black "Grigoryan, Karen H"]
[Result "0-1"]
[WhiteElo "2353"]
[BlackElo "2646"]
[PlyCount "78"]
[EventDate "2022.01.04"]
[EventType "swiss"]
[EventRounds "9"]
[EventCountry "ESP"]
[SourceTitle "EXT 2023"]
[Source "ChessBase"]
[SourceDate "2022.10.05"]
[SourceVersion "1"]
[SourceVersionDate "2022.10.05"]
[SourceQuality "1"]

1. e4 c5 2. Nf3 e6 3. c3 Nf6 4. Bd3 d5 5. e5 Nfd7 6. 0-0 Nc6 7. Qe2 c4 8. Bc2 g5 9. b3 g4 10. Nd4 Ncxe5 11. bxc4 dxc4 12. Na3 Qc7 13. Nab5 Qa5 14. a4 a6 15. f4 gxf3 16. Nxf3 Nxf3+ 17. Qxf3 axb5 18. Qxf7+ Kd8 19. d4 Be7 20. Bd2 b4 21. Qxe6 Ra6 22. Qxc4 Rc6 23. Qe2 bxc3 24. Rf5 Qb4 25. Be3 Re6 26. Rb1 Qd6 27. Qd3 Bf6 28. Bf2 b6 29. a5 Bb7 30. a6 Ba8 31. Rd1 Rg8 32. Bg3 Qe7 33. Qxc3 Rc6 34. Qf3 Rc8 35. Qf2 Rg4 36. Ba4 Rc4 37. Bxd7 Bxd4 38. Rxd4 Rc1+ 39. Qf1 Rxf1+ 0-1

[Event "Bundesliga 1920"]
[Site "Germany"]
[Date "2021.10.14"]
[Round "10.35"]
[White "Piceu, Tom"]
[Black "Adams, Michael"]
[Result "0-1"]
[WhiteElo "2354"]
[BlackElo "2692"]
[PlyCount "60"]
[EventDate "2019.11.23"]
[EventType "team-tourn"]
[EventRounds "15"]
[EventCountry "GER"]
[SourceTitle "EXT 2022"]
[Source "ChessBase"]
[SourceDate "2021.10.06"]
[SourceVersion "1"]
[SourceVersionDate "2021.10.06"]
[SourceQuality "1"]
[WhiteTeam "Aachen"]
[BlackTeam "Baden-Baden"]
[WhiteTeamCountry "GER"]
[BlackTeamCountry "GER"]

1. d4 Nf6 2. c4 e6 3. Nf3 b6 4. a3 Ba6 5. Nbd2 Bb7 6. e3 c5 7. Bd3 Nc6 8. 0-0 Be7 9. b3 cxd4 10. exd4 d5 11. Bb2 0-0 12. Qe2 Re8 13. Rac1 dxc4 14. bxc4 Bf8 15. Rfd1 Rc8 16. Ne4 Nxe4 17. Qxe4 g6 18. Qf4 Bg7 19. h4 Qc7 20. Qe3 Ne7 21. Re1 Bxf3 22. Qxf3 Nc6 23. h5 Nxd4 24. Bxd4 Bxd4 25. Re4 Rcd8 26. hxg6 hxg6 27. Rg4 Kg7 28. Re1 Qc5 29. Re2 Qxa3 30. g3 Qxd3 0-1

[Event "Bundesliga 1920 final"]
[Site "Karlsruhe"]
[Date "2020.09.17"]
[Round "3.4"]
[White "Van Foreest, Lucas"]
[Black "Piceu, Tom"]
[Result "0-1"]
[WhiteElo "2531"]
[BlackElo "2347"]
[PlyCount "74"]
[EventDate "2020.09.16"]
[EventType "team-tourn"]
[EventRounds "7"]
[EventCountry "GER"]
[SourceTitle "CBM 198 Extra"]
[Source "ChessBase"]
[SourceDate "2020.11.30"]
[SourceVersion "1"]
[SourceVersionDate "2020.11.30"]
[SourceQuality "1"]
[WhiteTeam "Werder Bremen"]
[BlackTeam "Aachen"]
[WhiteTeamCountry "GER"]
[BlackTeamCountry "GER"]

1. e4 c5 2. Nf3 d6 3. d4 cxd4 4. Nxd4 Nf6 5. Nc3 a6 6. Bg5 e6 7. f4 h6 8. Bh4 Nbd7 9. Be2 b5 10. f5 e5 11. Ne6 fxe6 12. fxe6 Nb6 13. Bh5+ Ke7 14. 0-0 Bxe6 15. Nd5+ Bxd5 16. exd5 Kd7 17. Bf7 Be7 18. Bf2 Kc7 19. Re1 Kb7 20. a4 Qc7 21. a5 Nc4 22. b3 Nxa5 23. c4 Nd7 24. c5 Nxc5 25. b4 Rhf8 26. Bh5 Ncb3 27. Ra2 Bd8 28. bxa5 Nxa5 29. Rc2 Nc4 30. Qd3 Qd7 31. Rb1 Bb6 32. Qxc4 Rxf2 33. Qc6+ Qxc6 34. dxc6+ Kc7 35. Rxf2 Rf8 36. Rbb2 d5 37. Bf3 e4 0-1

[Event "NED-chT 1920"]
[Site "Netherlands"]
[Date "2020.03.07"]
[Round "6.5"]
[White "Martens, Martin"]
[Black "Piceu, Tom"]
[Result "1/2-1/2"]
[WhiteElo "2364"]
[BlackElo "2347"]
[PlyCount "45"]
[EventDate "2019.09.28"]
[EventType "team-tourn"]
[EventRounds "9"]
[EventCountry "NED"]
[SourceTitle "CBM 195 Extra"]
[Source "ChessBase"]
[SourceDate "2020.05.31"]
[SourceVersion "1"]
[SourceVersionDate "2020.05.31"]
[SourceQuality "1"]
[WhiteTeam "Den Bosch HMC"]
[BlackTeam "Sas van Gent"]
[WhiteTeamCountry "NED"]
[BlackTeamCountry "NED"]

1. e4 c5 2. c3 e6 3. Nf3 d5 4. exd5 exd5 5. d4 Nf6 6. Bb5+ Nc6 7. 0-0 Bd6 8. dxc5 Bxc5 9. Nbd2 0-0 10. Nb3 Bb6 11. Bg5 Bg4 12. Qd3 Qd6 13. Bxf6 Qxf6 14. Qxd5 Rad8 15. Qe4 Bxf3 16. Qxf3 Qxf3 17. gxf3 Ne5 18. Rfd1 Nxf3+ 19. Kg2 Nh4+ 20. Kf1 g5 21. Be2 Kg7 22. a4 Rxd1+ 23. Rxd1 1/2-1/2

[Event "Bundesliga 1920"]
[Site "Germany"]
[Date "2019.11.23"]
[Round "1.5"]
[White "Piceu, Tom"]
[Black "Howell, David"]
[Result "1-0"]
[WhiteElo "2354"]
[BlackElo "2701"]
[PlyCount "81"]
[EventDate "2019.11.23"]
[EventType "team-tourn"]
[EventRounds "15"]
[EventCountry "GER"]
[SourceTitle "CBM 193 Extra"]
[Source "ChessBase"]
[SourceDate "2020.01.31"]
[SourceVersion "1"]
[SourceVersionDate "2020.01.31"]
[SourceQuality "1"]
[WhiteTeam "Aachen"]
[BlackTeam "Hockenheim"]
[WhiteTeamCountry "GER"]
[BlackTeamCountry "GER"]

1. d4 Nf6 2. c4 g6 3. Nc3 Bg7 4. e4 d6 5. f4 0-0 6. Nf3 c5 7. d5 e6 8. Be2 exd5 9. cxd5 Re8 10. Nd2 c4 11. 0-0 Nbd7 12. e5 dxe5 13. Nxc4 Nb6 14. fxe5 Nfxd5 15. Nd6 Nxc3 16. bxc3 Rf8 17. Bf4 Be6 18. Bf3 Qc7 19. Bxb7 Rab8 20. Bf3 Qxc3 21. Re1 Nd7 22. Rc1 Qa5 23. Qe2 Rb4 24. Bg3 h5 25. Bc6 h4 26. Bxd7 Bxd7 27. Bf2 h3 28. Rc5 Qd8 29. Qd2 Rg4 30. Bg3 hxg2 31. Ne4 Qb6 32. Bf2 Rxe4 33. Rxe4 Qb7 34. Qb4 Qa8 35. Rc7 Rb8 36. Rxa7 Qxa7 37. Bxa7 Rxb4 38. Rxb4 Bxe5 39. Bd4 Bd6 40. Rb6 Bf4 41. a4 1-0

[Event "EU-Cup 35th"]
[Site "Ulcinj"]
[Date "2019.11.14"]
[Round "5.14"]
[White "Duijn, Rob"]
[Black "Piceu, Tom"]
[Result "0-1"]
[WhiteElo "2220"]
[BlackElo "2354"]
[PlyCount "98"]
[EventDate "2019.11.10"]
[EventType "team-swiss"]
[EventRounds "7"]
[EventCountry "MNE"]
[SourceTitle "CBM 193 Extra"]
[Source "ChessBase"]
[SourceDate "2020.01.31"]
[SourceVersion "1"]
[SourceVersionDate "2020.01.31"]
[SourceQuality "1"]
[WhiteTeam "Kennemer Combinatie"]
[BlackTeam "Sas van Gent"]
[WhiteTeamCountry "NED"]
[BlackTeamCountry "NED"]

1. d4 d5 2. Nf3 e6 3. Bg5 f6 4. Bf4 Bd6 5. Bg3 Ne7 6. Nbd2 c5 7. c3 Nbc6 8. Bxd6 Qxd6 9. dxc5 Qxc5 10. e4 0-0 11. Nb3 Qb6 12. exd5 Nxd5 13. Bc4 Nf4 14. 0-0 Kh8 15. Qd6 Ng6 16. Rad1 e5 17. Qc5 Bg4 18. Bd5 Nf4 19. h3 Bh5 20. Bxc6 bxc6 21. Rd6 Nxh3+ 22. Kh2 Qa6 23. Nbd2 Nf4 24. Rxc6 Qxa2 25. g3 Nd3 26. Qe3 Qd5 27. Rc7 a5 28. b3 Qd6 29. Rc4 f5 30. Qg5 Bg4 31. Nh4 Be2 32. Nxf5 Qf6 33. Qxf6 Rxf6 34. g4 Bxf1 35. Nxf1 Nxf2 36. Kg3 Nd3 37. Nd2 Raf8 38. Rc7 R6f7 39. Rc6 g6 40. Nd6 Rf4 41. g5 Nf2 42. Rc4 Rxc4 43. N2xc4 e4 44. Kg2 Rf4 45. Ne3 Nd3 46. Nd5 Rf2+ 47. Kg1 Rb2 48. Nxe4 Rxb3 49. c4 a4 0-1